[Event "ISL-chT2 1921"]
[Site "Reykjavik"]
[Date "2019.10.06"]
[Round "4.4"]
[White "Magnusson, Thorlakur"]
[Black "Ulfsson, Olafur Evert"]
[Result "0-1"]
[WhiteElo "1828"]
[BlackElo "1791"]
[PlyCount "102"]
[EventDate "2019.10.04"]
[EventType "team-tourn"]
[EventRounds "7"]
[EventCountry "ISL"]
[SourceTitle "EXT 2024"]
[Source "ChessBase"]
[SourceDate "2023.10.10"]
[SourceVersion "1"]
[SourceVersionDate "2023.10.10"]
[SourceQuality "1"]
[WhiteTeam "Gardabaer II"]
[BlackTeam "Hrokar alls Fagnadar"]
[WhiteTeamCountry "ISL"]
[BlackTeamCountry "ISL"]

1. e4 e6 2. d4 d5 3. Nd2 Ne7 4. Ngf3 c6 5. Bd3 g6 6. 0-0 Bg7 7. c3 Nd7 8. e5 0-0 9. Re1 c5 10. Nf1 b6 11. Bg5 Re8 12. Qd2 a5 13. a4 Ba6 14. Bc2 Qc7 15. Rac1 Rab8 16. b4 axb4 17. cxb4 Bxf1 18. Kxf1 c4 19. b5 Ra8 20. h4 h5 21. Kg1 Nf8 22. g4 hxg4 23. Nh2 Nf5 24. Nxg4 Nh7 25. Kg2 Rec8 26. Qc3 Kf8 27. Rh1 Ke8 28. f4 Kd7 29. h5 Rh8 30. hxg6 Nxg5 31. fxg5 fxg6 32. Nf6+ Bxf6 33. gxf6 Rag8 34. Kf2 Qd8 35. Rcg1 Rxh1 36. Rxh1 Rh8 37. Rg1 Rh2+ 38. Ke1 Qh8 39. Bxf5 exf5 40. Qg3 Qh5 41. Rg2 Rh1+ 42. Kf2 Qd1 43. e6+ Kc8 44. Qe3 Rf1+ 45. Kg3 Qg4+ 46. Kh2 Qh4+ 47. Qh3 Rh1+ 48. Kxh1 Qxh3+ 49. Kg1 Qe3+ 50. Kh1 Qxe6 51. Rxg6 c3 0-1

[Event "ISL-chT2 1921"]
[Site "Reykjavik"]
[Date "2019.10.04"]
[Round "1.3"]
[White "Arnason, Ragnar"]
[Black "Ulfsson, Olafur Evert"]
[Result "0-1"]
[WhiteElo "1369"]
[BlackElo "1791"]
[PlyCount "77"]
[EventDate "2019.10.04"]
[EventType "team-tourn"]
[EventRounds "7"]
[EventCountry "ISL"]
[SourceTitle "EXT 2024"]
[Source "ChessBase"]
[SourceDate "2023.10.10"]
[SourceVersion "1"]
[SourceVersionDate "2023.10.10"]
[SourceQuality "1"]
[WhiteTeam "Hauka"]
[BlackTeam "Hrokar alls Fagnadar"]
[WhiteTeamCountry "ISL"]
[BlackTeamCountry "ISL"]

1. e4 e6 2. d4 d5 3. e5 c5 4. c3 Nc6 5. Nf3 Qb6 6. b3 Bd7 7. Be2 Nge7 8. 0-0 Nf5 9. Bb2 Be7 10. Bd3 cxd4 11. Bxf5 exf5 12. cxd4 g5 13. Nc3 Be6 14. Ne2 h5 15. Ne1 0-0-0 16. Rc1 Kb8 17. Nc2 Rdg8 18. Kh1 Rh7 19. Ne1 Qd8 20. Nd3 f4 21. Nc5 Bc8 22. Qd3 Rh6 23. Qb5 Qb6 24. Qd3 Nxe5 25. dxe5 Bxc5 26. Qxd5 Bxf2 27. Nd4 Be3 28. Rc4 Be6 29. Nxe6 fxe6 30. Qe4 Rd8 31. Qc2 Rhh8 32. Ba3 a6 33. Be7 Rd2 34. Qc3 g4 35. Bd6+ Rxd6 36. Qe1 Rc6 37. Re4 Rhc8 38. Rxe3 Qxe3 39. Qxe3 0-1

[Event "ISL-chT2 1718"]
[Site "Reykjavik"]
[Date "2018.03.03"]
[Round "7.3"]
[White "Ulfsson, Olafur Evert"]
[Black "Benediktsson, Thorir"]
[Result "1/2-1/2"]
[WhiteElo "1804"]
[BlackElo "1907"]
[PlyCount "22"]
[EventDate "2017.10.20"]
[EventType "team-tourn"]
[EventRounds "7"]
[EventCountry "ISL"]
[SourceTitle "EXT 2019"]
[Source "ChessBase"]
[SourceDate "2018.10.10"]
[SourceVersion "1"]
[SourceVersionDate "2018.10.10"]
[SourceQuality "1"]
[WhiteTeam "Hrokar alls Fagnadar"]
[BlackTeam "Reykjavik III"]
[WhiteTeamCountry "ISL"]
[BlackTeamCountry "ISL"]

1. d4 d5 2. c4 c6 3. Nc3 Nf6 4. Bf4 e6 5. e3 Be7 6. Nf3 0-0 7. Be2 Nbd7 8. h3 dxc4 9. Bxc4 b5 10. Bd3 Bb7 11. 0-0 a6 1/2-1/2

[Event "ISL-chT2 1718"]
[Site "Reykjavik"]
[Date "2017.10.21"]
[Round "3.1"]
[White "Bergmann, Haukur"]
[Black "Ulfsson, Olafur Evert"]
[Result "1-0"]
[WhiteElo "2096"]
[BlackElo "1804"]
[PlyCount "83"]
[EventDate "2017.10.20"]
[EventType "team-tourn"]
[EventRounds "7"]
[EventCountry "ISL"]
[SourceTitle "CBM 181 Extra"]
[Source "ChessBase"]
[SourceDate "2017.12.12"]
[SourceVersion "1"]
[SourceVersionDate "2017.12.12"]
[SourceQuality "1"]
[WhiteTeam "Reykjanesbaejar"]
[BlackTeam "Hrokar alls Fagnadar"]
[WhiteTeamCountry "ISL"]
[BlackTeamCountry "ISL"]

1. d4 e6 2. c4 Nf6 3. Nf3 d5 4. Nc3 c6 5. cxd5 exd5 6. Bg5 Bf5 7. Qb3 Qb6 8. Qxb6 axb6 9. Nh4 Be6 10. Bxf6 gxf6 11. e3 Be7 12. Bd3 Na6 13. Rc1 Nb4 14. Bb1 c5 15. 0-0 0-0 16. a3 Nc6 17. Rcd1 Rfd8 18. Rd2 Na5 19. Ba2 f5 20. Nf3 c4 21. Bb1 Nb3 22. Rdd1 Ra5 23. Ne2 b5 24. Ng3 Bxa3 25. bxa3 Rxa3 26. Nxf5 b4 27. Rfe1 Na5 28. e4 Bxf5 29. exf5 b3 30. Re3 f6 31. Rde1 b5 32. g4 b4 33. Re7 Rc8 34. g5 Nc6 35. gxf6 Nxe7 36. fxe7 Kf7 37. Ng5+ Kg7 38. Ne6+ Kf7 39. Nd8+ Ke8 40. f6 Rxd8 41. exd8Q+ Kxd8 42. f7 1-0

[Event "Reykjavik op"]
[Site "Reykjavik"]
[Date "2017.04.27"]
[Round "10"]
[White "Ulfsson, Olafur Evert"]
[Black "Magnusson, Magnus"]
[Result "0-1"]
[WhiteElo "1802"]
[BlackElo "1978"]
[PlyCount "67"]
[EventDate "2017.04.19"]
[EventType "swiss"]
[EventRounds "10"]
[EventCountry "ISL"]
[SourceTitle "CBM 178 Extra"]
[Source "ChessBase"]
[SourceDate "2017.06.22"]
[SourceVersion "1"]
[SourceVersionDate "2017.06.22"]
[SourceQuality "1"]

1. e4 e5 2. Nf3 Nc6 3. Bc4 Nf6 4. d3 Bc5 5. 0-0 d6 6. h3 h6 7. Be3 g5 8. Nh2 Rg8 9. c3 g4 10. h4 g3 11. Nf3 gxf2+ 12. Bxf2 Bxf2+ 13. Rxf2 Ng4 14. Re2 Qf6 15. Qc1 Qg7 16. Na3 Ne7 17. h5 Nf6 18. Nb5 Kd8 19. d4 Bg4 20. Qe3 a6 21. dxe5 axb5 22. exf6 Qxf6 23. Bb3 Bxf3 24. Rf2 Rxg2+ 25. Rxg2 Bxg2 26. Kxg2 Kd7 27. Qh3+ Kc6 28. Rf1 Rg8+ 29. Kh1 Qe5 30. Qf3 Rg3 31. Bd5+ Kb6 32. Qf2+ c5 33. Qh2 Nxd5 34. Rf3 0-1